00540nam a2200205 a 4500001001300000003000900013005001700022008004100039020001000080082002300090100002400113245003200137260003800169300000900207500003500216505001000251650002700261650002200288700002400310nice12345678IN_TiNIC20260116011456.0050524s1944 laha grp 000 0 eng  ac10000a323.39710954bAHM3 aAhmad, Jamilud-Duin aThrough Pakistan to Freedom aLahorebSh. Muhammad Ashrafc1944 a113p aincludes index and biblioraphy2 aIndex aMuslims-India-Politics aPakistan-Movement1 aAhmad, Jamilud-Duin